Melilla : (Record no. 163320)

MARC details
000 -LEADER
campo de control de longitud fija 01137nam a2200253 i 4500
001 - NÚMERO DE CONTROL
campo de control 163320
003 - IDENTIFICADOR DE NÚMERO DE CONTROL
campo de control ES-MaACL
005 - FECHA Y HORA DE LA ÚLTIMA TRANSACCIÓN
campo de control 20230906212721.0
008 - DATOS DE LONGITUD FIJA--INFORMACIÓN GENERAL
campo de control de longitud fija 931025s1893 sp |||| | spa d
100 1# - ENTRADA PRINCIPAL--NOMBRE DE PERSONA
Nombre de persona Reparaz, Gonzalo de,
Fechas asociadas al nombre 1860-1939
9 (RLIN) 131716
245 10 - MENCIÓN DEL TÍTULO
Título Melilla :
Resto del título peligros, desaciertos de España, urgente necesidad de remediarlos, manera de hacerlo : nociones de política hispano-marroquí /
Mención de responsabilidad, etc. por G. Reparaz.
260 ## - PUBLICACIÓN, DISTRIBUCIÓN, ETC.
Lugar de publicación, distribución, etc. Madrid :
Nombre del editor, distribuidor, etc. [s.n.],
Fecha de publicación, distribución, etc. 1893 (
Fabricante Est. Tip. "Sucesores de Rivadeneyra")
300 ## - DESCRIPCIÓN FÍSICA
Extensión 77 p. ;
Dimensiones 19 cm.
500 ## - NOTA GENERAL
Nota general Palau 261238.
530 ## - NOTA DISPONIBLE DE FORMULARIO FÍSICO ADICIONAL
Nota de formato físico adicional disponible Disponible en formato digital.
594 ## - Nota al título y mención de responsabilidad
Nota al título y mención de responsabilidad Precede al tít: Marruecos-El Rif.
650 #4 - PUNTO DE ACCESO ADICIONAL DE MATERIA--TÉRMINO DE MATERIA
Término de materia o nombre geográfico como elemento de entrada Guerra de Melilla, 1893.
9 (RLIN) 149771
651 #4 - PUNTO DE ACCESO ADICIONAL DE MATERIA--NOMBRE GEOGRÁFICO
Nombre geográfico España-
Subdivisión general Relaciones-
Subdivisión geográfica Marruecos.
9 (RLIN) 8470
651 #4 - PUNTO DE ACCESO ADICIONAL DE MATERIA--NOMBRE GEOGRÁFICO
Nombre geográfico Marruecos-
Subdivisión general Relaciones-
Subdivisión geográfica España.
9 (RLIN) 9034
852 ## - LOCALIZACIÓN
Ubicación ES-MaACL
Número de control de estantería Fol-Laf-429
852 ## - LOCALIZACIÓN
Ubicación ES-MaACL
Número de control de estantería T-714-F-1
Nota libre - Enc. hol., conservando la enc. original
-- - Enc. en un vol. facticio
-- - Dedicatoria autógrafa del autor
856 ## - LOCALIZACIÓN Y ACCESO ELECTRÓNICOS
Identificador Uniforme de Recursos <a href="http://bdh-rd.bne.es/viewer.vm?id=0000252265&page=1 ">http://bdh-rd.bne.es/viewer.vm?id=0000252265&page=1 </a>
Nota pública Biblioteca Digital Hispánica
Holdings
Estatus retirado Estado de pérdida Estado de daño No para préstamo Colección Biblioteca de origen Biblioteca actual Ubicación en estantería Fecha de adquisición Fuente de adquisición Total de préstamos Signatura topográfica completa Código de barras Visto por última vez Precio de reemplazo Tipo de ítem Koha Fuente del sistema de clasificación o colocación Nota pública
        Colección de folletos Biblioteca del Ateneo de Madrid Biblioteca del Ateneo de Madrid Depósito folletos 17/01/2008     Fol-Laf-429 1171143 23/02/2023 23/02/2023 Folleto    
        Colección de folletos Biblioteca del Ateneo de Madrid Biblioteca del Ateneo de Madrid Depósito folletos 17/01/2008     T-714-F-1 1171144 23/02/2023 23/02/2023 Folleto Clasificación decimal universal Dedicatoria autógrafa del autor